<?xml version="1.0" encoding="UTF-8"?><marc:collection xmlns:marc="http://www.loc.gov/MARC21/slim">
  <marc:record>
    <marc:leader>00000nam##2200000za#4500</marc:leader>
    <marc:controlfield tag="001">9.653586</marc:controlfield>
    <marc:controlfield tag="003">CaOODSP</marc:controlfield>
    <marc:controlfield tag="005">20220107134005</marc:controlfield>
    <marc:controlfield tag="007">ta</marc:controlfield>
    <marc:controlfield tag="008">150407|1993||||xxc|||||     f|0| 0 fre|d</marc:controlfield>
    <marc:datafield tag="020" ind1=" " ind2=" ">
      <marc:subfield code="a">2-921041-11-1</marc:subfield>
    </marc:datafield>
    <marc:datafield tag="040" ind1=" " ind2=" ">
      <marc:subfield code="a">CaOODSP</marc:subfield>
      <marc:subfield code="b">fre</marc:subfield>
    </marc:datafield>
    <marc:datafield tag="041" ind1=" " ind2=" ">
      <marc:subfield code="a">eng</marc:subfield>
    </marc:datafield>
    <marc:datafield tag="041" ind1=" " ind2=" ">
      <marc:subfield code="a">fre</marc:subfield>
    </marc:datafield>
    <marc:datafield tag="043" ind1=" " ind2=" ">
      <marc:subfield code="a">n-cn---</marc:subfield>
    </marc:datafield>
    <marc:datafield tag="086" ind1="1" ind2=" ">
      <marc:subfield code="a">H72-21/89-1993</marc:subfield>
    </marc:datafield>
    <marc:datafield tag="110" ind1="2" ind2=" ">
      <marc:subfield code="a">Centre national d'information sur la violence dans la famille (Canada)</marc:subfield>
    </marc:datafield>
    <marc:datafield tag="245" ind1="1" ind2="0">
      <marc:subfield code="a">Apprendre à intervenir auprès des femmes violentées: synthèse d'une recherche-action sur une expérience des formation féministe / </marc:subfield>
      <marc:subfield code="c">par Anne Pâquet-Deehy et al., avec la collaboration de Marie-France Ouimet à l'écriture. </marc:subfield>
    </marc:datafield>
    <marc:datafield tag="260" ind1=" " ind2=" ">
      <marc:subfield code="a">Montréal - Québec : </marc:subfield>
      <marc:subfield code="b">Santé et Bien-être social Canada. </marc:subfield>
      <marc:subfield code="c">1993.</marc:subfield>
    </marc:datafield>
    <marc:datafield tag="300" ind1=" " ind2=" ">
      <marc:subfield code="a">Texte français, 23p. : </marc:subfield>
      <marc:subfield code="c">28 cm.</marc:subfield>
    </marc:datafield>
    <marc:datafield tag="500" ind1=" " ind2=" ">
      <marc:subfield code="a">«Ce résumé de recherche s'adresse à toute personne susceptible d'intervenir auprès de femmes violentées. Il synthétise les données reliées à l'expérience subjective de quinze intervenantes en formation à l'apprentissage d'un nouveau modèle d'intervention féministe auprès des femmes battues alors que, concurremment à cette formation, les participantes devaient appliquer ce modèle dans leur propre milieu de travail. [...] Le rapport complet est disponible à l'école de service social de l'Université de Montréal et s'intitule: Apprendre à intervenir auprès des femmes violentées: une perspective féministe.»--Avant-propos. Mot symbole sur la couverture: Université de Montréal, Faculté des arts et des sciences, École de service social 1992. N.B.: Le numéro ISBN imprimé dans cette publication et mentionné ci-dessous n'a pas été vérifié. Ce numéro indique une publication du secteur privé.</marc:subfield>
    </marc:datafield>
    <marc:datafield tag="504" ind1=" " ind2=" ">
      <marc:subfield code="a">Bibliographie.</marc:subfield>
    </marc:datafield>
    <marc:datafield tag="520" ind1="3" ind2=" ">
      <marc:subfield code="a">Ce résumé de recherche s'adresse à toute personne susceptible d'intervenir auprès de femmes violentées. Il synthétise les données reliées à l'expérience subjective de quinze intervenantes en formation à l'apprentissage d'un nouveau modèle d'intervention féministe auprès des femmes battues alors que, concurremment à cette formation, les participantes devaient appliquer ce modèle dans leur propre milieu de travail. [...] Le rapport complet est disponible à l'école de service social de l'Université de Montréal et s'intitule: Apprendre à intervenir auprès des femmes violentées: une perspective féministe.--Avant-propos</marc:subfield>
    </marc:datafield>
    <marc:datafield tag="546" ind1=" " ind2=" ">
      <marc:subfield code="a">Bilingue</marc:subfield>
    </marc:datafield>
    <marc:datafield tag="563" ind1=" " ind2=" ">
      <marc:subfield code="a">Couverture souple</marc:subfield>
    </marc:datafield>
    <marc:datafield tag="590" ind1=" " ind2=" ">
      <marc:subfield code="a">93-17</marc:subfield>
      <marc:subfield code="b">1993-04-30</marc:subfield>
    </marc:datafield>
    <marc:datafield tag="691" ind1="0" ind2="7">
      <marc:subfield code="a">Violence faite aux femmes</marc:subfield>
      <marc:subfield code="2">gcpds</marc:subfield>
    </marc:datafield>
    <marc:datafield tag="691" ind1="0" ind2="7">
      <marc:subfield code="a">Services sociaux</marc:subfield>
      <marc:subfield code="2">gcpds</marc:subfield>
    </marc:datafield>
    <marc:datafield tag="691" ind1="0" ind2="7">
      <marc:subfield code="a">Violence familiale</marc:subfield>
      <marc:subfield code="2">gcpds</marc:subfield>
    </marc:datafield>
    <marc:datafield tag="720" ind1="1" ind2=" ">
      <marc:subfield code="a">Pâquet-Deehy, Anne</marc:subfield>
    </marc:datafield>
    <marc:datafield tag="720" ind1="1" ind2=" ">
      <marc:subfield code="a">Ouimet, Marie-France</marc:subfield>
    </marc:datafield>
    <marc:datafield tag="720" ind1="1" ind2=" ">
      <marc:subfield code="a">Lalande, Elaine</marc:subfield>
    </marc:datafield>
    <marc:datafield tag="776" ind1="0" ind2="#">
      <marc:subfield code="t">Training social workers in a feminist approach to conjugal violence : </marc:subfield>
      <marc:subfield code="w">(CaOODSP)9.695737</marc:subfield>
    </marc:datafield>
    <marc:datafield tag="776" ind1="0" ind2="#">
      <marc:subfield code="t">Apprendre à intervenir auprès des femmes violentées : </marc:subfield>
      <marc:subfield code="w">(CaOODSP)9.639860</marc:subfield>
    </marc:datafield>
    <marc:datafield tag="791" ind1=" " ind2=" ">
      <marc:subfield code="t">Training social workers in a feminist approach to conjugal violence: summary of an action research / </marc:subfield>
      <marc:subfield code="e">eng</marc:subfield>
      <marc:subfield code="w">(CaOODSP)9.653585</marc:subfield>
    </marc:datafield>
  </marc:record>
</marc:collection>
